000 00687cam a2200205 4500
001 WB3813-18
008 020410n2002 000 0 eng u
035 _a(Sirsi) u117429
245 _aCouncil rents up for a decade
260 _c2002
490 _aInside Housing
_v5 April 2002, 9(1)
520 _aSome council tenants will see rent rises of almost 5% above inflation for the next decade according to figures released by the DTLR. Tables show the top 20 increases and the top 12 rent falls.
590 _aWB
650 _aCOUNCIL RENTS
650 _aCOUNCIL TENANTS
650 _aCOUNCIL HOUSING
650 _aLOCAL AUTHORITIES
690 _aLOCAL GOVERNMENT
942 _n0
999 _c69956
_d69956